| 000 | 00958nam a22003137a 4500 | ||
|---|---|---|---|
| 003 | CHAP | ||
| 005 | 20220817042426.0 | ||
| 008 | 971013s1972 r 00010 d | ||
| 010 | _a44342 | ||
| 011 | _a45314 | ||
| 035 | _a49453 | ||
| 040 | _cCHAP | ||
| 090 | _aFolleto 4896 | ||
| 100 | 0 | 0 |
_aRamírez Lozano, Miguel. _994104 |
| 245 | _aHorno forrajero | ||
| 260 |
_aChapingo, Méx. : _bDirección General de Extensión Agrícola, _c1972 |
||
| 300 |
_a12 p. _b: ilus. |
||
| 490 |
_aFolleto miscelaneo _v; 6 |
||
| 590 |
_aBATCH-UPD _b10 _c20130110 _lUCH01 _h1557 |
||
| 590 |
_aBATCH-UPD _b10 _c20130410 _lUCH01 _h0954 |
||
| 590 |
_aBATCH-UPD _b10 _c20130914 _lUCH01 _h1423 |
||
| 590 |
_aCONVERSION _b10 _c20130109 _lUCH01 _h1324 |
||
| 650 | 1 | 4 |
_aHornos forrajeros. _956264 |
| 650 | 1 | 4 |
_aPlantas forrajeras _xSecado. _988982 |
| 830 | 0 |
_aFolleto miscelaneo _v; 6 |
|
| 901 | _aBK | ||
| 942 | _cFOLL | ||
| 949 |
_aFolleto 4896 _bBC _cFOLL _d-111551 _eTS1 _i49453 _mD _si |
||
| 999 |
_c44342 _d44342 |
||